00225nam a2200085Ia 4500008004100000100002300041245004800064260001900112300000800131191201s2019 xx 000 0 und d aChandra S S, Vinod 0aArtificial intelligence and machine learing bPHIaNEW DELHI a349